| 000 | 01261cad a22002415a 4500 | ||
|---|---|---|---|
| 001 | E147146 | ||
| 008 | 090407s2009 xxkd f s 000 0 eng d | ||
| 035 | _a(Sirsi) u147146 | ||
| 041 | 0 | _aeng | |
| 050 | 0 | 4 | _a333.33 $2 18 |
| 110 | 2 |
_aColliers CRE _95075 |
|
| 245 | 0 | 0 |
_aProperty pricing survey _bMarch 2009 _h[electronic resource] |
| 260 |
_aLondon _bColliers CRE _c2008 |
||
| 490 | 0 |
_aProperty Pricing Survey _v(44) March 2009 |
|
| 520 | _aSuggests that now is a good time to buy commercial property, with the majority (54%) of respondents currently preferring retail property. However sales are quieter, with the retail and industrial sectors each being favoured by 23% of respondents. The total return for 2009 is forecast to be -11.7% pa, a further downward adjustment from the -5.2% pa quoted in the November 2008 survey. The 2010 total return forecast has also been adjusted downwards, from the 5.8% quoted in the November 2008 survey, to 2.6% pa. | ||
| 521 | _aAdvanced | ||
| 590 | _aKA | ||
| 650 | 2 | 4 | _aCOLLIERS PROPERTY PRICING SURVEY |
| 651 | 4 |
_aUnited Kingdom _y |
|
| 690 | _aPROPERTY-COMMERCIAL PROPERTY-COMMERCIAL PROPERTY MARKET | ||
| 856 | 4 | 0 |
_uhttps://www.colliers.com/ _zView the item free of charge at www.colliers.com... |
| 942 | _n0 | ||
| 999 |
_c109457 _d109457 |
||